| 000 | 00657nam a22002177a 4500 | ||
|---|---|---|---|
| 003 | LK-CoMWRAF | ||
| 005 | 20231018101124.0 | ||
| 008 | 231018b |||||||| |||| 00| 0 eng d | ||
| 020 | _a0333370120 | ||
| 040 |
_aLK-CoMWRAF _dLK-CoMWRAF _eLK-CoMWRAF |
||
| 041 | _aeng | ||
| 082 |
_a428.24 _bCUR |
||
| 100 | _aCurtin, John B. | ||
| 245 | _aGet your tenses straight | ||
| 260 |
_aLondon : _bMacmillan publications, _c1985 |
||
| 300 | _a82p. : ill. ; 25cm | ||
| 650 | _aEnglish language--Text-books for foreign speakers | ||
| 650 | _aEnglish language--Tense | ||
| 650 | _aEnglish language Verbs Tenses For non-English speaking students | ||
| 942 | _cBK | ||
| 999 |
_c3928 _d3928 |
||